| 000 | 01360nam0a22003011 4500 | ||
|---|---|---|---|
| 001 | rc\3036765 | ||
| 005 | 20250806201819.0 | ||
| 035 | _a(NLR Aleph) 007177351 | ||
| 090 |
_a20649 _c20649 |
||
| 100 | _a20111004d1945 u y0rusy50 ca | ||
| 101 | 0 | _arus | |
| 102 | _aRU | ||
| 105 | _aa z ||||| | ||
| 200 | 1 |
_aФутбол _eПособие для секций коллективов физкультуры и спортивных школ _fМ. Товаровский |
|
| 205 | _a2-е изд., испр. | ||
| 210 |
_aМосква _cФизкультура и спорт _d1945 _gОбразцовая тип. _g6-я тип. Трансжелдориздата |
||
| 215 |
_a207 с. _cил. _d14 см |
||
| 225 | 1 |
_a[Учебное пособие для спортивных секций] _fВсесоюз. ком. по делам физ. культуры и спора при Совнаркоме СССР |
|
| 300 | _aНа обл. авт. не указан | ||
| 320 | _aБиблиогр.: "Литература и пособия" с. 205 (13 назв.) | ||
| 700 | 1 |
_aТоваровский _bМ.Д. _gМихаил Давидович |
|
| 801 | 0 |
_aRU _bNLR _gpsbo |
|
| 801 | 1 |
_aRU _bELAR _2rusmarc |
|
| 852 |
_aNLR _jФк02 Г-1/25 |
||
| 942 | _cBOOK | ||
| 945 | _aРоссийская национальная библиотека | ||
| 980 | _aNB | ||
| 980 | _aBV | ||